10 Biggest Cities: Canada - Statistics

General Stats
  • This quiz has been taken 390 times
  • The average score is 7 of 10
Answer Stats
Population City % Correct
2,615,060 Toronto, Ontario
98%
1,649,519 Montreal, Quebec
97%
603,502 Vancouver, British Columbia
95%
883,391 Ottawa, Ontario
90%
821,201 Edmonton, Alberta
89%
1,096,833 Calgary, Alberta
88%
663,617 Winnipeg, Manitoba
76%
519,949 Hamilton, Ontario
48%
713,443 Mississauga, Ontario
26%
523,911 Brampton, Ontario
19%
No matching quizzes found
Score Distribution
Percent of People with Each Score
Percentile by Number Answered
Your Score History
You have not taken this quiz